000 00545nam a2200133Ia 4500
008 150609s9999 xx 000 0 und d
050 _aBF 575
_b.Si366 2014
100 _aSiano, Bryan Joseph.
245 _aCommon stressors of third year BS major in medical technology students to south-seed LPDH college (SSLC) /
_cBryan Joseph Siano .
260 _aLas PiƱas, Philippines :
_bSISC,
_c2014.
300 _a40 pages :
_billustrations ;
_c28 cm.
500 _aIncludes bibliographical references and appendices.
650 _aPsychological Stress
999 _c285019
_d285019